LEADER 01357nam0 22003131i 450 001 SUN0031941 005 20081105120000.0 010 $a88-453-0229-6 100 $a20050128d1981 |0itac50 ba 101 $aita 102 $aIT 105 $a|||| ||||| 200 1 $aAlgebra moderna$fFrank Ayres jr 205 $aMilano : ETAS Libri$b1981 210 $d243 p. : ill. ; 26 cm 215 $aIn cop.: 425 problemi risolti. 410 1$1001SUN0027349$12001 $aCollana Schaum$v46$1210 $aMilano$cEtas. 620 $dMilano$3SUNL000284 700 1$aAyres$b, Frank$3SUNV027028$0110 712 $aEtas$3SUNV000433$4650 790 1$aAyres, Frank $zAyres, Frank$3SUNV027029 801 $aIT$bSOL$c20181109$gRICA 912 $aSUN0031941 950 $aUFFICIO DI BIBLIOTECA DEL DIPARTIMENTO DI MATEMATICA E FISICA$d08 PREST 2A5 $e08 1572 950 $aUFFICIO DI BIBLIOTECA DEI DIPARTIMENTI DI INGEGNERIA$d05 CONS D I 029 $e05 311 995 $aUFFICIO DI BIBLIOTECA DEL DIPARTIMENTO DI MATEMATICA E FISICA$bIT-CE0120$h1572$kPREST 2A5$op$qa 995 $aUFFICIO DI BIBLIOTECA DEI DIPARTIMENTI DI INGEGNERIA$bIT-CE0100$h311$kCONS D I 029$oc$qa 996 $aModern algebra$927462 997 $aUNICAMPANIA LEADER 02001nas 2200421 n 450 001 990008895910403321 005 20240229084340.0 011 $a0151-1734 035 $a000889591 035 $aFED01000889591 035 $a(Aleph)000889591FED01 035 $a000889591 091 $2CNR$aP 00017133 100 $a20161109b19121919km-y0itaa50------ba 101 0 $afre 102 $aFR 110 $aauu-------- 200 1 $aAnnales du service des épiphyties 207 1$a1912-1919 210 $aParis$cL'homme 440 0$1001000889549$12001$aAnnales des épiphyties 530 0 $aAnnales du service des épiphyties 675 $a632 675 $a581 676 $a581 801 0$aIT$bACNP$c20090723 859 4 $uhttp://acnp.cib.unibo.it/cgi-ser/start/it/cnr/dc-p1.tcl?catno=9636&person=false&language=ITALIANO&libr=&libr_th=unina1$zBiblioteche che possiedono il periodico 901 $aSE 912 $a990008895910403321 958 $aBiblioteca Dipartimento di Arboricoltura, Botanica e Patologia Vegetale-Sez. Patologia vegetale-Università Federico II di Napoli$b1912-1919.$fDAGPV 958 $aBiblioteca del Dipartimento di Entomologia e Zoologia Agraria dell'Università degli Studi di Napoli Federico II$b1912-1918;$fDAGEN 959 $aDAGPV 959 $aDAGEN 996 $aAnnales du service des épiphyties$9801396 997 $aUNINA AP1 8 $6866-01$aNA086 Biblioteca Dipartimento di Arboricoltura, Botanica e Patologia Vegetale-Sez. Patologia vegetale-Università Federico II di Napoli$ev. Università,100, 80055 Portici (NA)$m08125.39322$nit AP1 8 $6866-02$aNA219 Biblioteca del Dipartimento di Entomologia e Zoologia Agraria dell'Università degli Studi di Napoli Federico II$eVia Università, 100, 80055 Portici (NA)$m0812539188$m0817755145$nit AP2 40$aacnp.cib.unibo.it$nACNP Italian Union Catalogue of Serials$uhttp://acnp.cib.unibo.it/cgi-ser/start/it/cnr/df-p.tcl?catno=9636&language=ITALIANO&libr=&person=&B=1&libr_th=unina&proposto=NO LEADER 04521nam 2200709 a 450 001 9910956376103321 005 20240513184811.0 010 $a9786613058560 010 $a9781283058568 010 $a1283058561 010 $a9780226754758 010 $a0226754758 024 7 $a10.7208/9780226754758 035 $a(CKB)2560000000053700 035 $a(EBL)655802 035 $a(OCoLC)701057095 035 $a(SSID)ssj0000468355 035 $a(PQKBManifestationID)12173927 035 $a(PQKBTitleCode)TC0000468355 035 $a(PQKBWorkID)10506867 035 $a(PQKB)11266017 035 $a(StDuBDS)EDZ0000115735 035 $a(MiAaPQ)EBC655802 035 $a(DE-B1597)523248 035 $a(DE-B1597)9780226754758 035 $a(Au-PeEL)EBL655802 035 $a(CaPaEBR)ebr10444595 035 $a(CaONFJC)MIL305856 035 $a(PPN)151095418 035 $a(Perlego)1853366 035 $a(EXLCZ)992560000000053700 100 $a20100222d2011 uy 0 101 0 $aeng 135 $aur|n|---||||| 181 $ctxt 182 $cc 183 $acr 200 00$aDemography and the economy /$fedited by John B. Shoven 205 $a1st ed. 210 $aChicago ;$aLondon $cUniversity of Chicago Press$d2011 215 $a1 online resource (444 p.) 225 1 $aNational Bureau of Economic Research conference report 300 $aDescription based upon print version of record. 311 08$a9780226754727 311 08$a0226754723 320 $aIncludes bibliographical references and indexes. 327 $aThe future of American fertility / Samuel H. Preston and Caroline Sten Hartnett -- Comment: Gopi Shah Goda -- Fertility theories: can they explain the negative fertility-income relationship? / Larry E. Jones, Alice Schoonbroodt and Miche?le Tertilt -- Comment: Amalia R. Miller -- Women's education and family behavior: trends in marriage, divorce and fertility / Adam Isen and Betsey Stevenson -- Comment: Enrico Moretti -- Adjusting government policies for age inflation / John B. Shoven and Gopi Shah Goda -- Comment: Warren C. Sanderson -- Old Europe ages: reforms and reform backlashes / Axel Bo?rsch-Supan and Alexander Ludwig -- Comment: Alan J. Auerbach -- The final inequality: variance in age at death / Shripad Tuljapurkar -- Comment: Victor R. Fuchs -- Demographic trends, housing equity, and the financial security of future retirees / James M. Poterba, Steven F. Venti and David A. Wise -- Comment: Thomas Davidoff -- Aging populations, pension operations, potential economic disappointment and its allocation / Sylvester J. Schieber -- Comment: Steven F. Venti -- Financing Medicare: a general equilipbrium analysis / Orazio Attanasio, Sagiri Kitao and Giovanni L. Violante -- Comment: Moshe Buchinsky -- Italians are late: does it matter? / Francesco C. Billari and Guido Tabellini -- Comment: Luigi Pistaferri. 330 $aDemographics is a vital field of study for understanding social and economic change and it has attracted attention in recent years as concerns have grown over the aging populations of developed nations. Demographic studies help make sense of key aspects of the economy, offering insight into trends in fertility, mortality, immigration, and labor force participation, as well as age, gender, and race specific trends in health and disability. Demography and the Economy explores the connections between demography and economics, paying special attention to what demographic trends can reveal about the sustainability of traditional social security programs and the larger implications for economic growth. The volume brings together some of the leading scholars working at the border between the two disciplines, and it provides an eclectic overview of both fields. Contributors also offer deeper analysis of a variety of issues such as the impact of greater wealth on choices about marriage and childbearing and the effects of aging populations on housing prices, Social Security, and Medicare. 410 0$aNational Bureau of Economic Research conference report. 606 $aDemography$xEconomic aspects 606 $aFertility, Human$xEconomic aspects 615 0$aDemography$xEconomic aspects. 615 0$aFertility, Human$xEconomic aspects. 676 $a330 701 $aShoven$b John B$088721 801 0$bMiAaPQ 801 1$bMiAaPQ 801 2$bMiAaPQ 906 $aBOOK 912 $a9910956376103321 996 $aDemography and the economy$94368660 997 $aUNINA